Charlotte Bronte, (Record no. 6528)

MARC details
005 - DATE AND TIME OF LATEST TRANSACTION
control field 20250702071043.0
020 ## - INTERNATIONAL STANDARD BOOK NUMBER
International Standard Book Number 978-0-141-44114-6
082 ## - DEWEY DECIMAL CLASSIFICATION NUMBER
Classification number EYR
100 ## - MAIN ENTRY--PERSONAL NAME
Author name EYRE, J.
245 ## - TITLE STATEMENT
Title Charlotte Bronte,
260 ## - PUBLICATION, DISTRIBUTION, ETC.
Name of publisher, distributor, etc. PENGUIN CLASICS,
Date of publication, distribution, etc. 2006.
300 ## - PHYSICAL DESCRIPTION
Extent xxxiv, 589p,: ill.;
Dimensions 19.6cm
700 ## - ADDED ENTRY--PERSONAL NAME
Other authors/Editors DAVIES, S.
942 ## - ADDED ENTRY ELEMENTS (KOHA)
Source of classification or shelving scheme Dewey Decimal Classification
Koha item type Books
Holdings
Date last seen Total checkouts Full call number Barcode Cost, replacement price Price effective from Koha item type Lost status Source of classification or shelving scheme Damaged status Not for loan Withdrawn status Home library Current library Shelving location Date acquired Cost, normal purchase price
07/02/2025   EYR DOM0003053 90000.00 07/02/2025 Books   Dewey Decimal Classification       CBE Dodoma CBE Dodoma General Collection 07/02/2007 30000.00